header

The economic emergence of women (Record no. 189330)

MARC details
000 -LEADER
fixed length control field 02043nam a2200373Ia 4500
082 04 - DEWEY DECIMAL CLASSIFICATION NUMBER
Classification number 305.43/0973
100 1# - MAIN ENTRY--AUTHOR NAME
Personal name Bergmann, Barbara R.
245 14 - TITLE STATEMENT
Title The economic emergence of women
250 ## - EDITION STATEMENT
Edition statement 2nd ed., 1st ed.
260 ## - PUBLICATION, DISTRIBUTION, ETC. (IMPRINT)
Place of publication New York :
Name of publisher Palgrave Macmillan,
Year of publication c2005.
300 ## - PHYSICAL DESCRIPTION
Number of Pages 255 p. :
Other physical details ill.
650 #0 - SUBJECT ADDED ENTRY--TOPICAL TERM
Topical Term Women
Topical Term Women
Topical Term Sex discrimination against women
Topical Term Housewives
856 40 - ELECTRONIC LOCATION AND ACCESS
Uniform Resource Identifier http://site.ebrary.com/lib/rucke/Doc?id=10135731

No items available.

© 2026 Rongo University
Contact us: librarian | system librarian | Rongo university